000 01107nam a2200229Ia 4500
001 18919
005 20260406144115.0
008 260306s9999||||xx |||||||||||||| ||und||
041 _aESP
082 _a658.562
_bF97
100 _aFurterer, Sandra L.
_eAUT
245 0 _aLean Six Sigma en el servicio:
_baplicaciones y estudios de caso
260 _c2015
300 _a352 páginas :
_c27 cm.
650 _aGEN
654 _aCAN
856 _uhttps://itmsp.museknowledge.com/UCSP?url=https://www.ebooks7-24.com:443/?il=10914&pg=1
_zVéase además: Lean Six Sigma en la era de la inteligencia artificial. Versión digital
856 _uhttps://0u213vbcy-y-https-ebooks7--24-com.itmsp.museknowledge.com/biblioteca.aspx
_zVéase además: Base de datos Ebook7-24
856 _uhttps://0u20fvbd9-y-https-research-ebsco-com.itmsp.museknowledge.com/c/qxo6us/search
_zVéase además: Base de datos EBSCOhost
856 _uhttps://0u20vvbdj-y-https-ebookcentral-proquest-com.itmsp.museknowledge.com/lib/catolicasp/home.action
_zVéase además: Base de datos ProQuest Ebook Central
942 _cLIB
_dJUS
_fJUS
_2ddc
999 _c18919
_d18919